1325 1154 1988 1846 1461 1926 1800 1512 1909 1187 1377 1404 1366 1102 1146 1878 1545 1260 1531 1196 1669 1687 1292 1090 1258 1082 1636 1959 1673 1869 1130 1290 1778 1208 1657 1302 1527 1795 1187 1019 1162 1081 1589 1800 1102 1079 1415 1909 1921 1502 1522 1904 1793 1868 1584 1427 1990 1545 1549 1840 1013 1884 1288 1622 1908 1787 1929 1478 1389 1703 1233 1719 1638 1801 1609 1838 1559 1052 1513 1056 1799 1851 1533 1449 1675 1894 1281 1130 1878 1105 1571 1109 1665 1977 1836 1599 1876 1362 1778 BCNSPRNW ULIB Ver.6.0+V

เปลี่ยนเป็นภาษาไทย

Change to English
 แสดงรายละเอียดบรรณานุกรม
  กลับหน้าหลัก

Brief Record : Get Marc (ISO 2709) : E-mail record : QR code < ปิดหน้าต่าง
LEADER : 00000nam 2200000uu 4500
001    13399109561
003     ULIB
008    110405s2005||||th 000 0 eng d
020    0781749875
060 04 WB330^bE92L 2005
100 1  Taylor, Carol
245 10 Lippincott s photo atlas of medication administration /^cCarol Taylor, Carol Lillis, Priscilla LeMone
260    Philadelphia :^bLippincott Williams & Wilkins,^cc2005
300    64 p. :^bcol. ill. ;^c28 cm.
504    Includes bibliographical references
650  2 Administration, Oral^vatlases
650  2 Administration, Oral^vnurses instruction
650  2 Pharmaceutical Preparations^xadministration & dosage^vatlases
650  2 Pharmaceutical Preparations^xadministration & dosage^vnurses instruction
650  2 Administration, Topical^vatlases
650  2 Administration, Topical^vnurses instruction
650  2 Injections^xmethods^vatlases
650  2 Injections^xmethods^vnurses instruction
700 1  Lillis, Carol
700 1  LeMone, Priscilla
945    ^p0^l0^i020383
995    Tossapron
999 ^a ใช้งานได้ทุกระบบ
รายการนี้ยังไม่มีแท็ก
คุณยังไม่ได้ล็อกอิน คุณสามารถมีกิจกรรมร่วมกับเว็บไซต์ได้ แต่ต้องล็อกอินก่อน ::
  ล็อกอิน

รายการสื่อสารสนเทศ

ลำดับที่ ประเภท เลขเรียก/บาร์โค้ด สถานที่ สถานะ
- ไม่พบข้อมูล -

รายการใกล้เคียง
    ผู้แต่ง [Taylor, Carol]

BibComment


ยังไม่เคยถูกคอมเมนท์

คอมเมนท์ทรัพยากรรายการนี้
  คอมเมนท์: Lippincott s phot..


 Copyright 2026. Bcnsprnw @Library